000 02471cam a22005054i 4500
003 PE-LiUPU
005 20250731165459.0
008 150623s r 000 0 d
020 _a1850759308
035 _a(Sirsi) i9781850759300
040 _aPE-LiUPU
_bspa
_cPE-LiUPU
_erda
049 _aPRUA
082 0 4 _a221.07
_bJ
_221
100 1 _aMurray, Donald F.,
_eautor.
245 1 0 _aDivine prerogative and royal pretension :
_bpragmatics, poetics and polemics in a narrative sequence about David (2 Samuel 5.
_n17-7.
_n29).
_n218 /
_cDonald F. Murray.
264 1 _aSheffield, Great Britain :
_bSheffield Academic Press,
_c1998.
300 _aIncluye bibliografía :
_bilustraciones, gráficos ;
_c24 centímetros
336 _atext
_2rdacontent
337 _aunmediated
_2rdamedia
338 _avolume
_2rdacarrier
490 0 _aJournal for the Study of the O.T. Supplement Series ;
_v264
504 _aIncluye bibliografía.
505 0 _aThe pragmatics of poetics 1: defining and delimiting contexts. -The pragmatics of poetics 2: defining the text to be read. -David deferent with Yahweh? 2 samuel 5.17-25. -David deferent with Yahweh? 2 samuel 6. -David and Yahweh - from difference to deference: 2 Samuel 7. -Yahweh and David at Home and at war: plot and theme in 2 Samuel 5.17-7.29. -Yahweh and David through difference and defference 1: a transtextual context to the polemic in 2 Samuel 5.17-7.29. -Yahweh and david through difference and defference 2: an intratextual context to the polemic in 2 Samuel 5.17-7.29. -Yahweh and Israel: deference of difference.
526 _aSEG44
526 _aSEG26
526 _aP151
526 _aP150
526 _aP149
526 _aP146
526 _aP145
526 _aP126
526 _aP125
526 _aP92
526 _aP75
526 _aP74
526 _aP27
526 _aP15
630 _aBiblia.
_pA.T.
_pSamuel II
_xComentarios.
942 _2ddc
_cBOOK
949 _aRC 221.07 J 218
_wDEWEY
_c1
_i45602
_lCCODEBUL1
_mBUL
_r0
_sY
_tBOOK
_u2015-6-24
_xTEOLOGIA
_PP35
_0COMPRA
_o.CIRCNOTE. No olvidar cambiar la fecha de devolución!!!!!!!
_o.STAFF. Colección General
994 _aC0
_bPEPRU
596 _a1
999 _aRC 221.07 J 218
_wDEWEY
_c22471
_i45602
_f2021-11-8
_g6
_lCCODEBUL1
_mBUL
_r1
_sY
_tBOOK
_u2015-6-24
_xTEOLOGIA
_PP35
_0COMPRA
_o.CIRCNOTE. No olvidar cambiar la fecha de devolución!!!!!!!
_o.STAFF. Colección General
_d22471
980 _81
_gALBERTO SANCHEZ Responsable de Automatización